[Event "Krakow KKSz-ch"]
[Site "Krakow"]
[Date "2009.08.15"]
[Round "4"]
[White "Gora, Joanna"]
[Black "Martyna, Franciszek"]
[Result "1/2-1/2"]
[WhiteElo "1516"]
[BlackElo "1800"]
[PlyCount "127"]
[EventDate "2009.08.12"]
[EventType "swiss"]
[EventRounds "9"]
[EventCountry "POL"]
[SourceTitle "CBM 132 Extra"]
[Source "ChessBase"]
[SourceDate "2009.11.03"]
[SourceVersion "1"]
[SourceVersionDate "2009.11.03"]
[SourceQuality "1"]

1. e4 e5 2. Nf3 d6 3. d4 exd4 4. Nxd4 Be7 5. Bc4 Nf6 6. Nc3 a6 7. a4 c5 8. Nb3 Nc6 9. 0-0 h6 10. Re1 Be6 11. Nd5 0-0 12. Nxe7+ Qxe7 13. Bd5 Qc7 14. h3 Ne7 15. c4 Qd7 16. Qf3 Nh7 17. Bd2 Bxd5 18. exd5 Ng6 19. Qg3 Rad8 20. a5 Qf5 21. Rac1 Nf6 22. f3 Ne5 23. Rxe5 dxe5 24. Nxc5 Qc8 25. Na4 Rfe8 26. Nb6 Qf5 27. Bc3 Nh5 28. Qg4 Qxg4 29. hxg4 Nf4 30. Re1 f6 31. g3 Nd3 32. Rd1 Nc5 33. b4 Nd7 34. Na4 Rc8 35. c5 Nb8 36. d6 Red8 37. Nb6 Rc6 38. Nd5 Kf7 39. Ne7 Ke6 40. Nxc6 bxc6 41. Kf2 Rd7 42. Ke3 Rb7 43. f4 Nd7 44. f5+ Kf7 45. Rh1 Rb8 46. Ke4 Kg8 47. Rb1 Kf7 48. Rb2 Ke8 49. Kf3 Kf7 50. Rh2 Kg8 51. Re2 Kf7 52. Kg2 Rb5 53. Kh3 Rb8 54. Kh4 Rb5 55. Rb2 Rb8 56. Kh3 Rb5 57. Kg2 Rb8 58. Kf2 Ke8 59. Ke2 Kd8 60. Kd3 Kc8 61. Kc4 Kb7 62. Kb3 Kc8 63. Kc4 Kb7 64. Rh2 1/2-1/2